<?xml version="1.0" encoding="UTF-8"?>
<record
    xmlns:xsi="http://www.w3.org/2001/XMLSchema-instance"
    xsi:schemaLocation="http://www.loc.gov/MARC21/slim http://www.loc.gov/standards/marcxml/schema/MARC21slim.xsd"
    xmlns="http://www.loc.gov/MARC21/slim">

  <leader>02237cam a2200637 a 4500</leader>
  <datafield tag="952" ind1=" " ind2=" ">
    <subfield code="0">0</subfield>
    <subfield code="1">0</subfield>
    <subfield code="4">0</subfield>
    <subfield code="7">0</subfield>
    <subfield code="8">GHANA</subfield>
    <subfield code="a">UCCML</subfield>
    <subfield code="b">UCCML</subfield>
    <subfield code="c">MLSC</subfield>
    <subfield code="d">2018-06-19</subfield>
    <subfield code="i">152215</subfield>
    <subfield code="l">0</subfield>
    <subfield code="o">DT511.3.P87</subfield>
    <subfield code="p">30261100450339</subfield>
    <subfield code="r">2024-08-13 23:36:17</subfield>
    <subfield code="w">2018-06-19</subfield>
    <subfield code="y">BK</subfield>
  </datafield>
  <datafield tag="999" ind1=" " ind2=" ">
    <subfield code="c">23599</subfield>
    <subfield code="d">23599</subfield>
  </datafield>
  <controlfield tag="001">ocm11282615 </controlfield>
  <controlfield tag="003">OCoLC</controlfield>
  <controlfield tag="005">20220304144546.0</controlfield>
  <controlfield tag="008">840917s1984    enkacf        001 0 eng  </controlfield>
  <datafield tag="015" ind1=" " ind2=" ">
    <subfield code="a">GB84-32807</subfield>
  </datafield>
  <datafield tag="015" ind1=" " ind2=" ">
    <subfield code="a">b8432807</subfield>
  </datafield>
  <datafield tag="020" ind1=" " ind2=" ">
    <subfield code="a">0905838939</subfield>
  </datafield>
  <datafield tag="020" ind1=" " ind2=" ">
    <subfield code="a">9780905838939</subfield>
  </datafield>
  <datafield tag="029" ind1="1" ind2=" ">
    <subfield code="a">AU@</subfield>
    <subfield code="b">000003403006</subfield>
  </datafield>
  <datafield tag="029" ind1="1" ind2=" ">
    <subfield code="a">GEBAY</subfield>
    <subfield code="b">331624</subfield>
  </datafield>
  <datafield tag="029" ind1="1" ind2=" ">
    <subfield code="a">HEBIS</subfield>
    <subfield code="b">245712666</subfield>
  </datafield>
  <datafield tag="029" ind1="1" ind2=" ">
    <subfield code="a">NZ1</subfield>
    <subfield code="b">2743786</subfield>
  </datafield>
  <datafield tag="029" ind1="1" ind2=" ">
    <subfield code="a">UNITY</subfield>
    <subfield code="b">047839147</subfield>
  </datafield>
  <datafield tag="029" ind1="1" ind2=" ">
    <subfield code="a">DEBBG</subfield>
    <subfield code="b">BV000242422</subfield>
  </datafield>
  <datafield tag="029" ind1="1" ind2=" ">
    <subfield code="a">NZ1</subfield>
    <subfield code="b">314569</subfield>
  </datafield>
  <datafield tag="035" ind1=" " ind2=" ">
    <subfield code="a">(OCoLC)11282615</subfield>
  </datafield>
  <datafield tag="040" ind1=" " ind2=" ">
    <subfield code="a">UKM</subfield>
    <subfield code="b">eng</subfield>
    <subfield code="c">UKM</subfield>
    <subfield code="d">OCL</subfield>
    <subfield code="d">OCLCQ</subfield>
    <subfield code="d">OCLCG</subfield>
    <subfield code="d">AU@</subfield>
    <subfield code="d">GEBAY</subfield>
    <subfield code="d">EUM</subfield>
    <subfield code="d">OCLCF</subfield>
    <subfield code="d">OCLCO</subfield>
    <subfield code="d">OCLCQ</subfield>
    <subfield code="d">DEBBG</subfield>
    <subfield code="d">OCLCA</subfield>
    <subfield code="d">UEJ</subfield>
  </datafield>
  <datafield tag="043" ind1=" " ind2=" ">
    <subfield code="a">f-gh---</subfield>
  </datafield>
  <datafield tag="050" ind1="1" ind2="4">
    <subfield code="a">DT512.3.N57</subfield>
  </datafield>
  <datafield tag="082" ind1="0" ind2="4">
    <subfield code="a">966.7/05/0924</subfield>
    <subfield code="2">19</subfield>
  </datafield>
  <datafield tag="100" ind1="1" ind2=" ">
    <subfield code="a">Powell, Erica.</subfield>
    <subfield code="9">31241</subfield>
  </datafield>
  <datafield tag="245" ind1="1" ind2="0">
    <subfield code="a">Private secretary (female)/Gold Coast /</subfield>
    <subfield code="c">Erica Powell.</subfield>
  </datafield>
  <datafield tag="260" ind1=" " ind2=" ">
    <subfield code="a">London :</subfield>
    <subfield code="b">Hurst,</subfield>
    <subfield code="c">&#xFFFD;1984.</subfield>
  </datafield>
  <datafield tag="300" ind1=" " ind2=" ">
    <subfield code="a">xi, 228 pages, [8] pages of plates :</subfield>
    <subfield code="b">illustrations, portraits ;</subfield>
    <subfield code="c">23 cm</subfield>
  </datafield>
  <datafield tag="500" ind1=" " ind2=" ">
    <subfield code="a">Includes index.</subfield>
  </datafield>
  <datafield tag="504" ind1=" " ind2=" ">
    <subfield code="a">Includes index.</subfield>
  </datafield>
  <datafield tag="600" ind1="1" ind2="0">
    <subfield code="a">Nkrumah, Kwame,</subfield>
    <subfield code="d">1909-1972.</subfield>
    <subfield code="9">1476</subfield>
  </datafield>
  <datafield tag="600" ind1="1" ind2="7">
    <subfield code="a">Nkrumah, Kwame,</subfield>
    <subfield code="d">1909-1972</subfield>
    <subfield code="2">fast</subfield>
    <subfield code="9">1476</subfield>
  </datafield>
  <datafield tag="600" ind1="1" ind2="7">
    <subfield code="a">Nkrumah, Kwame.</subfield>
    <subfield code="2">swd</subfield>
    <subfield code="9">1504</subfield>
  </datafield>
  <datafield tag="600" ind1="1" ind2="7">
    <subfield code="a">Nkrumah, Kwame,</subfield>
    <subfield code="d">1909-1972.</subfield>
    <subfield code="2">gnd</subfield>
    <subfield code="9">1476</subfield>
  </datafield>
  <datafield tag="648" ind1=" " ind2="7">
    <subfield code="a">Geschichte 1957-1979</subfield>
    <subfield code="2">swd</subfield>
    <subfield code="9">31242</subfield>
  </datafield>
  <datafield tag="648" ind1=" " ind2="4">
    <subfield code="a">Geschichte 1957-1979.</subfield>
    <subfield code="9">31242</subfield>
  </datafield>
  <datafield tag="650" ind1=" " ind2="7">
    <subfield code="a">Presidents.</subfield>
    <subfield code="2">fast</subfield>
    <subfield code="9">24686</subfield>
  </datafield>
  <datafield tag="650" ind1="0" ind2="7">
    <subfield code="a">Autobiographie.</subfield>
    <subfield code="2">swd</subfield>
    <subfield code="9">31243</subfield>
  </datafield>
  <datafield tag="650" ind1="0" ind2="7">
    <subfield code="a">Politik.</subfield>
    <subfield code="2">swd</subfield>
    <subfield code="9">10999</subfield>
  </datafield>
  <datafield tag="650" ind1="0" ind2="7">
    <subfield code="a">Quelle.</subfield>
    <subfield code="2">swd</subfield>
    <subfield code="9">31244</subfield>
  </datafield>
  <datafield tag="650" ind1="0" ind2="7">
    <subfield code="a">Autobiografie.</subfield>
    <subfield code="2">gnd</subfield>
    <subfield code="9">21311</subfield>
  </datafield>
  <datafield tag="650" ind1="0" ind2="7">
    <subfield code="a">Politik.</subfield>
    <subfield code="2">gnd</subfield>
    <subfield code="9">10999</subfield>
  </datafield>
  <datafield tag="650" ind1="0" ind2="7">
    <subfield code="a">Quelle.</subfield>
    <subfield code="2">gnd</subfield>
    <subfield code="9">31244</subfield>
  </datafield>
  <datafield tag="651" ind1=" " ind2="0">
    <subfield code="a">Ghana</subfield>
    <subfield code="x">Presidents</subfield>
    <subfield code="v">Biography.</subfield>
    <subfield code="9">31245</subfield>
  </datafield>
  <datafield tag="651" ind1=" " ind2="7">
    <subfield code="a">Ghana.</subfield>
    <subfield code="2">fast</subfield>
    <subfield code="9">31246</subfield>
  </datafield>
  <datafield tag="651" ind1=" " ind2="7">
    <subfield code="a">Ghana.</subfield>
    <subfield code="2">swd</subfield>
    <subfield code="9">31246</subfield>
  </datafield>
  <datafield tag="651" ind1=" " ind2="7">
    <subfield code="a">Ghana.</subfield>
    <subfield code="2">gnd</subfield>
    <subfield code="9">31246</subfield>
  </datafield>
  <datafield tag="653" ind1=" " ind2=" ">
    <subfield code="a">Ghana</subfield>
    <subfield code="a">Nkrumah, Kwame - Biographies</subfield>
  </datafield>
  <datafield tag="655" ind1=" " ind2="7">
    <subfield code="a">Biography.</subfield>
    <subfield code="2">fast</subfield>
    <subfield code="9">31247</subfield>
  </datafield>
  <datafield tag="655" ind1=" " ind2="4">
    <subfield code="a">Powell, Erika.</subfield>
    <subfield code="9">31248</subfield>
  </datafield>
  <datafield tag="776" ind1="0" ind2="8">
    <subfield code="i">Online version:</subfield>
    <subfield code="a">Powell, Erica.</subfield>
    <subfield code="t">Private secretary (female)/Gold Coast.</subfield>
    <subfield code="d">London : Hurst, &#xFFFD;1984</subfield>
    <subfield code="w">(OCoLC)557816609</subfield>
  </datafield>
  <datafield tag="776" ind1="0" ind2="8">
    <subfield code="i">Online version:</subfield>
    <subfield code="a">Powell, Erica.</subfield>
    <subfield code="t">Private secretary (female)/Gold Coast.</subfield>
    <subfield code="d">London : Hurst, &#xFFFD;1984</subfield>
    <subfield code="w">(OCoLC)608123422</subfield>
  </datafield>
  <datafield tag="942" ind1=" " ind2=" ">
    <subfield code="c">BK</subfield>
  </datafield>
  <datafield tag="948" ind1=" " ind2=" ">
    <subfield code="h">NO HOLDINGS IN GHUCC - 82 OTHER HOLDINGS</subfield>
  </datafield>
</record>
